| 000 | 00831cam a2200205 4500 | ||
|---|---|---|---|
| 001 | WS119499 | ||
| 008 | 020830n 000 0 eng u | ||
| 035 | _a(Sirsi) u119499 | ||
| 110 |
_aConfederation of Construction Clients _94342 |
||
| 245 | _aConfederation of Construction Clients | ||
| 520 | _aWeb site for this organisation which represents the interests of purchasing clients in the construction industry. Includes details of the Clients Charter and a list of companies who have signed up to it. | ||
| 650 | _aCONSTRUCTION INDUSTRY | ||
| 650 | _aORGANISATION | ||
| 650 | _aCLIENTS CHARTER | ||
| 650 | _aCONSTRUCTION CLIENTS FORUM | ||
| 650 | _aCONSTRUCTION CLIENTS | ||
| 690 | _aBUILT ENVIRONMENT | ||
| 856 | 4 | 0 |
_uhttps://www.clientsuccess.org _zView the website free of charge at www.clientsuccess.org... |
| 942 | _n0 | ||
| 999 |
_c120188 _d120188 |
||